[Event "SLO-chT 31st"]
[Site "Ljubljana"]
[Date "2021.09.19"]
[Round "6.1"]
[White "Jelen, Miha"]
[Black "Brcar, Matej"]
[Result "1-0"]
[WhiteElo "1857"]
[BlackElo "1891"]
[PlyCount "81"]
[EventDate "2021.09.10"]
[EventType "team-tourn"]
[EventRounds "9"]
[EventCountry "SLO"]
[SourceTitle "CBM 204 Extra"]
[Source "ChessBase"]
[SourceDate "2021.11.30"]
[SourceVersion "1"]
[SourceVersionDate "2021.11.30"]
[SourceQuality "1"]
[WhiteTeam "Ig"]
[BlackTeam "Trebnje BMP"]
[WhiteTeamCountry "SLO"]
[BlackTeamCountry "SLO"]

1. e4 e5 2. Nf3 Nc6 3. Nc3 Nf6 4. d4 exd4 5. Nxd4 Bb4 6. Nxc6 bxc6 7. Bd3 d5 8. exd5 cxd5 9. 0-0 0-0 10. Bg5 c6 11. Ne2 Bg4 12. c3 Be7 13. h3 Bh5 14. Qc2 Bg6 15. Nd4 Qc7 16. Nf5 Bxf5 17. Bxf5 h6 18. Bh4 Nh5 19. Bxe7 Qxe7 20. Rfe1 Qf6 21. Re3 Rfe8 22. Rae1 Rxe3 23. Rxe3 Nf4 24. Bg4 c5 25. Qd2 Rd8 26. Rf3 g5 27. g3 Nxh3+ 28. Kg2 Qg6 29. Kxh3 h5 30. Bf5 g4+ 31. Kh2 Qg7 32. Rd3 d4 33. Qf4 a5 34. Qc7 Qf8 35. cxd4 cxd4 36. Qxa5 Qe7 37. Qb6 Rd6 38. Qc5 Qf6 39. Kg2 Rc6 40. Qd5 Rd6 41. Qe4 1-0

[Event "Otocec Krka Terme op"]
[Site "Otocec"]
[Date "2015.11.22"]
[Round "5"]
[White "Brcar, Matej"]
[Black "Zirkelbach, Maj"]
[Result "1-0"]
[WhiteElo "1847"]
[BlackElo "2094"]
[PlyCount "85"]
[EventDate "2015.11.20"]
[EventType "swiss"]
[EventRounds "5"]
[EventCountry "SLO"]
[SourceTitle "EXT 2019"]
[Source "ChessBase"]
[SourceDate "2018.10.10"]
[SourceVersion "1"]
[SourceVersionDate "2018.10.10"]
[SourceQuality "1"]

1. e4 c6 2. d4 d5 3. exd5 cxd5 4. Bd3 Nc6 5. c3 Nf6 6. Bf4 Bg4 7. Qb3 Qc8 8. Nd2 e6 9. Ngf3 Be7 10. Ne5 Bh5 11. Ndf3 0-0 12. 0-0 Nd7 13. h3 Ncxe5 14. Nxe5 Nxe5 15. Bxe5 Bg6 16. Rad1 a6 17. Bh2 b5 18. a3 Bxd3 19. Rxd3 Qc4 20. Qd1 a5 21. f4 f5 22. Re1 Ra6 23. Rde3 Rf6 24. Bg3 Rg6 25. R1e2 b4 26. b3 Qc8 27. cxb4 axb4 28. Rc2 Rc6 29. Rxc6 Qxc6 30. a4 Rh6 31. Re2 g5 32. Rc2 Qa6 33. Qe2 Qxe2 34. Rxe2 gxf4 35. Bxf4 Rg6 36. Be5 Kf7 37. Rc2 Bd8 38. Rc8 Ke7 39. Rb8 Kd7 40. Rxb4 Kc6 41. Rb8 Bb6 42. b4 Ba7 43. b5+ 1-0

[Event "Otocec Krka Terme op"]
[Site "Otocec"]
[Date "2015.11.22"]
[Round "4"]
[White "Jelen, Igor"]
[Black "Brcar, Matej"]
[Result "1-0"]
[WhiteElo "2430"]
[BlackElo "1847"]
[PlyCount "89"]
[EventDate "2015.11.20"]
[EventType "swiss"]
[EventRounds "5"]
[EventCountry "SLO"]
[SourceTitle "EXT 2019"]
[Source "ChessBase"]
[SourceDate "2018.10.10"]
[SourceVersion "1"]
[SourceVersionDate "2018.10.10"]
[SourceQuality "1"]

1. d4 d5 2. c4 e6 3. Nc3 Be7 4. Nf3 Nf6 5. Bg5 0-0 6. e3 h6 7. Bxf6 Bxf6 8. Rc1 c6 9. Bd3 Nd7 10. 0-0 Re8 11. e4 dxe4 12. Nxe4 c5 13. Bb1 cxd4 14. Nxd4 Nb6 15. Nxf6+ Qxf6 16. Qd3 g6 17. Nb5 Rd8 18. Qe3 Kh7 19. b3 Bd7 20. Nxa7 e5 21. Nb5 Bxb5 22. cxb5 Nd5 23. Qe4 Nf4 24. Rcd1 Qg5 25. g3 Nh3+ 26. Kg2 Nf4+ 27. Kh1 Rxd1 28. Rxd1 Nh3 29. Qf3 Qe7 30. Kg2 Ng5 31. Qd5 Rc8 32. h4 Ne6 33. Qxe5 Rc5 34. Rd5 Rc1 35. Bd3 Re1 36. Qc3 Nc7 37. Rc5 Ne6 38. Rc8 Ng7 39. h5 Qe6 40. hxg6+ fxg6 41. Rc7 Qd5+ 42. f3 Re5 43. Be4 Qxb5 44. Qd3 Qa5 45. Bxg6+ 1-0

[Event "Otocec Krka Terme op"]
[Site "Otocec"]
[Date "2015.11.21"]
[Round "3"]
[White "Brcar, Matej"]
[Black "Rajh, Tinej"]
[Result "1-0"]
[WhiteElo "1847"]
[BlackElo "1327"]
[PlyCount "85"]
[EventDate "2015.11.20"]
[EventType "swiss"]
[EventRounds "5"]
[EventCountry "SLO"]
[SourceTitle "EXT 2019"]
[Source "ChessBase"]
[SourceDate "2018.10.10"]
[SourceVersion "1"]
[SourceVersionDate "2018.10.10"]
[SourceQuality "1"]

1. e4 c5 2. c3 d6 3. d4 cxd4 4. cxd4 e6 5. Nc3 Nf6 6. Nf3 a6 7. Bd3 b5 8. 0-0 Bb7 9. Bg5 Be7 10. Re1 Nbd7 11. Rc1 Rc8 12. Qb3 Qb6 13. h3 0-0 14. e5 Nd5 15. Ne4 Bxg5 16. Nfxg5 dxe5 17. Nxh7 Rfd8 18. dxe5 Nxe5 19. Bb1 Nf4 20. Rxc8 Rxc8 21. Kh2 Bd5 22. Qg3 Qd4 23. Qxf4 Bxa2 24. Nef6+ Kh8 25. Qxd4 gxf6 26. Nxf6 Bxb1 27. Rxb1 Ng6 28. Nh5+ e5 29. Qd7 Rf8 30. Rc1 Kh7 31. Rc8 Rxc8 32. Qxc8 a5 33. Qe8 Kh6 34. Qxf7 Kxh5 35. g4+ Kg5 36. Qf5+ Kh6 37. g5+ Kg7 38. Qf6+ Kh7 39. Qf7+ Kh8 40. Qxg6 a4 41. Qf7 b4 42. g6 a3 43. Qf8# 1-0

[Event "Otocec Krka Terme op"]
[Site "Otocec"]
[Date "2015.11.21"]
[Round "2"]
[White "Kersic, Matej"]
[Black "Brcar, Matej"]
[Result "1/2-1/2"]
[WhiteElo "2163"]
[BlackElo "1847"]
[PlyCount "94"]
[EventDate "2015.11.20"]
[EventType "swiss"]
[EventRounds "5"]
[EventCountry "SLO"]
[SourceTitle "EXT 2019"]
[Source "ChessBase"]
[SourceDate "2018.10.10"]
[SourceVersion "1"]
[SourceVersionDate "2018.10.10"]
[SourceQuality "1"]

1. e4 e5 2. Nf3 Nc6 3. Bc4 Bc5 4. c3 Nf6 5. d3 d6 6. 0-0 a6 7. Bb3 Ba7 8. h3 h6 9. Re1 0-0 10. Nbd2 Nh5 11. Nf1 Qf6 12. Be3 Ne7 13. d4 Nf4 14. Ng3 Neg6 15. Kh2 Nh4 16. Nxh4 Qxh4 17. Nf5 Bxf5 18. exf5 e4 19. Bc2 Rfe8 20. Qg4 Qxg4 21. hxg4 Nd5 22. Bd2 Nf6 23. Kh3 Nh7 24. Bxe4 c6 25. f4 Nf6 26. Bf3 d5 27. g5 hxg5 28. fxg5 Nd7 29. Bf4 g6 30. fxg6 fxg6 31. Bg4 Nf8 32. Bd6 Rad8 33. Be7 Ra8 34. Re2 Bb6 35. Rae1 Bd8 36. Bxd8 Rxe2 37. Rxe2 Rxd8 38. Re7 Rb8 39. Be6+ Nxe6 40. Rxe6 Kf7 41. Rf6+ Kg7 42. Rd6 Rf8 43. Rd7+ Rf7 44. Rxf7+ Kxf7 45. Kg4 b6 46. Kf4 Ke6 47. b4 b5 1/2-1/2

[Event "SLO-CupT"]
[Site "Novo Mesto"]
[Date "2015.03.29"]
[Round "4"]
[White "Kroselj, Lucija"]
[Black "Brcar, Matej"]
[Result "0-1"]
[WhiteElo "1564"]
[BlackElo "1747"]
[PlyCount "90"]
[EventDate "2015.03.27"]
[EventType "team-swiss"]
[EventRounds "5"]
[EventCountry "SLO"]
[SourceTitle "EXT 2019"]
[Source "ChessBase"]
[SourceDate "2018.10.10"]
[SourceVersion "1"]
[SourceVersionDate "2018.10.10"]
[SourceQuality "1"]
[WhiteTeam "Milan Majcen Sevnica"]
[BlackTeam "Trebnje BMP"]
[WhiteTeamCountry "SLO"]
[BlackTeamCountry "SLO"]

1. e4 e5 2. Nf3 Nc6 3. Bb5 a6 4. Bxc6 dxc6 5. 0-0 Bg4 6. d3 Qf6 7. h3 Bxf3 8. Qxf3 Qxf3 9. gxf3 Bd6 10. Nd2 Ne7 11. Nc4 Ng6 12. Rd1 Nh4 13. f4 exf4 14. Nxd6+ cxd6 15. Bxf4 0-0-0 16. Kf1 h6 17. Bg3 Nf3 18. c3 f5 19. Kg2 fxe4 20. dxe4 Ne5 21. Rd2 Rhe8 22. Rad1 Nc4 23. Re2 g5 24. b3 Ne5 25. f3 Re6 26. c4 Rf8 27. Rf2 Ref6 28. Rdf1 Kd7 29. a3 a5 30. Bxe5 dxe5 31. Rd1+ Kc7 32. Rd3 h5 33. Rfd2 Kb6 34. b4 axb4 35. axb4 Rf4 36. Re2 g4 37. fxg4 hxg4 38. Rg3 gxh3+ 39. Rxh3 Rg8+ 40. Kh2 Rgg4 41. Rhe3 c5 42. b5 Ka5 43. Ra3+ Kb4 44. Ra7 Rf7 45. Rb2+ Kc3 0-1

[Event "Novo Mesto op"]
[Site "Novo Mesto"]
[Date "2014.11.02"]
[Round "4"]
[White "Brcar, Matej"]
[Black "Skok, Joze"]
[Result "1/2-1/2"]
[WhiteElo "1692"]
[BlackElo "2016"]
[PlyCount "80"]
[EventDate "2014.10.31"]
[EventType "swiss"]
[EventRounds "9"]
[EventCountry "SLO"]
[SourceTitle "EXT 2019"]
[Source "ChessBase"]
[SourceDate "2018.10.10"]
[SourceVersion "1"]
[SourceVersionDate "2018.10.10"]
[SourceQuality "1"]

1. e4 e6 2. d4 d5 3. exd5 exd5 4. Bd3 Nf6 5. Bf4 Bg4 6. Nf3 Be7 7. 0-0 0-0 8. Nbd2 Nbd7 9. c3 c5 10. dxc5 Nxc5 11. Bc2 Nce4 12. Re1 Nxd2 13. Bxd2 Bc5 14. Be3 Qb6 15. Bxc5 Qxc5 16. Qd4 Qb5 17. Ne5 Qxb2 18. Nxg4 Nxg4 19. Bxh7+ Kxh7 20. Qxg4 Qxc3 21. Rac1 Rfe8 22. Red1 Qe5 23. Qd7 Re7 24. Qxd5 Qxd5 25. Rxd5 Rae8 26. g3 Re1+ 27. Rxe1 Rxe1+ 28. Kg2 Ra1 29. Rd7 Rxa2 30. Rxb7 Kg6 31. h4 f6 32. Kf3 a5 33. Ra7 a4 34. Kg4 a3 35. Kf3 Ra1 36. g4 Kh6 37. g5+ fxg5 38. hxg5+ Kg6 39. Ke4 Re1+ 40. Kf3 a2 1/2-1/2

[Event "SLO-chT U20"]
[Site "Bled"]
[Date "2014.08.25"]
[Round "4.3"]
[White "Brcar, Matej"]
[Black "Brinovec, David"]
[Result "1/2-1/2"]
[WhiteElo "1713"]
[BlackElo "1927"]
[PlyCount "94"]
[EventDate "2014.08.23"]
[EventType "team-tourn"]
[EventRounds "7"]
[EventCountry "SLO"]
[SourceTitle "EXT 2022"]
[Source "ChessBase"]
[SourceDate "2021.10.06"]
[SourceVersion "1"]
[SourceVersionDate "2021.10.06"]
[SourceQuality "1"]
[WhiteTeam "Trebnje BMP U20"]
[BlackTeam "Zalec U20"]
[WhiteTeamCountry "SLO"]
[BlackTeamCountry "SLO"]

1. e4 e5 2. Nf3 Nc6 3. d4 exd4 4. Nxd4 Nf6 5. Nxc6 bxc6 6. e5 Nd5 7. c4 Nb6 8. Bd3 d5 9. cxd5 cxd5 10. 0-0 g6 11. Nc3 Bg7 12. f4 0-0 13. Bd2 Bb7 14. Qc2 Qd7 15. Rae1 Rfe8 16. Rf3 f5 17. exf6 Rxe1+ 18. Bxe1 Bxf6 19. f5 g5 20. Rg3 Qe7 21. Bd2 Re8 22. h4 h6 23. hxg5 hxg5 24. Qc1 Kf7 25. Bxg5 Qe1+ 26. Qxe1 Rxe1+ 27. Kf2 Bxc3 28. bxc3 Ra1 29. Rh3 Rxa2+ 30. Ke3 Rxg2 31. Rh7+ Kg8 32. Rxc7 Bc8 33. Kf4 d4 34. Bc4+ Kf8 35. Rf7+ Ke8 36. Re7+ Kf8 37. Rh7 Rf2+ 38. Kg3 Rxf5 39. Bh6+ Ke8 40. Bd3 Rc5 41. Bg6+ Kd8 42. cxd4 Rc3+ 43. Kf2 Bd7 44. Bg5+ Kc7 45. Bf5 Kc6 46. Bd8 Rc4 47. Bxd7+ Nxd7 1/2-1/2

[Event "SLO-ch U14"]
[Site "Murska Sobota"]
[Date "2013.02.26"]
[Round "6"]
[White "Bojko, Filip"]
[Black "Brcar, Matej"]
[Result "0-1"]
[WhiteElo "1473"]
[BlackElo "1759"]
[PlyCount "120"]
[EventDate "2013.02.23"]
[EventType "swiss"]
[EventRounds "9"]
[EventCountry "SLO"]
[SourceTitle "EXT 2022"]
[Source "ChessBase"]
[SourceDate "2021.10.06"]
[SourceVersion "1"]
[SourceVersionDate "2021.10.06"]
[SourceQuality "1"]

1. d4 d5 2. c4 e6 3. Nc3 Be7 4. Nf3 Nf6 5. Bf4 0-0 6. e3 Nh5 7. Bg3 Nxg3 8. fxg3 b6 9. Bd3 Bb7 10. 0-0 Nd7 11. Qc2 g6 12. Rae1 f5 13. Qb3 Nf6 14. Ng5 Qd7 15. Nb5 a6 16. Nc3 Ne4 17. Ngxe4 fxe4 18. Be2 Bg5 19. Bg4 Rxf1+ 20. Kxf1 Rf8+ 21. Kg1 Qf7 22. Nd1 dxc4 23. Qxc4 Bd5 24. Qxa6 Bxa2 25. Rf1 Qxf1+ 26. Qxf1 Rxf1+ 27. Kxf1 Kf7 28. Kf2 Bb3 29. Nc3 Bc2 30. Bd1 Bd3 31. Be2 Ke7 32. b3 Bc2 33. Bd1 Bd3 34. Be2 h5 35. Bxd3 exd3 36. Nd1 e5 37. dxe5 Ke6 38. Nb2 Kxe5 39. Nxd3+ Ke4 40. Nf4 Bxf4 41. gxf4 c5 42. Ke2 b5 43. Kd2 c4 44. b4 h4 45. h3 c3+ 46. Ke2 c2 47. Kd2 c1Q+ 48. Kxc1 Kxe3 49. Kc2 Kxf4 50. Kd3 Kg3 51. Ke3 Kxg2 52. Ke2 Kxh3 53. Kf3 g5 54. Kf2 Kg4 55. Kg2 Kf4 56. Kh3 g4+ 57. Kg2 h3+ 58. Kh2 Kf3 59. Kg1 g3 60. Kh1 g2+ 0-1

[Event "SLO-ch U14"]
[Site "Murska Sobota"]
[Date "2013.02.23"]
[Round "2"]
[White "Gasparac, Gregor"]
[Black "Brcar, Matej"]
[Result "1-0"]
[WhiteElo "1708"]
[BlackElo "1759"]
[PlyCount "55"]
[EventDate "2013.02.23"]
[EventType "swiss"]
[EventRounds "9"]
[EventCountry "SLO"]
[SourceTitle "EXT 2022"]
[Source "ChessBase"]
[SourceDate "2021.10.06"]
[SourceVersion "1"]
[SourceVersionDate "2021.10.06"]
[SourceQuality "1"]

1. d4 Nf6 2. c4 e6 3. g3 d5 4. Bg2 Be7 5. Nf3 c6 6. b3 Bb4+ 7. Bd2 Qa5 8. 0-0 0-0 9. Re1 Ne4 10. Bxb4 Qxb4 11. a3 Qe7 12. Nfd2 Nxd2 13. Nxd2 Nd7 14. e4 dxc4 15. bxc4 Rd8 16. Qc2 e5 17. d5 Nf6 18. Qb2 b5 19. dxc6 bxc4 20. Nxc4 Rd4 21. Rac1 Ba6 22. Ne3 g6 23. Nd5 Qd6 24. Nxf6+ Qxf6 25. c7 Qe6 26. Qb8+ Qc8 27. Qxc8+ Bxc8 28. Rb1 1-0

[Event "Wch U14"]
[Site "Maribor"]
[Date "2012.11.18"]
[Round "11.69"]
[White "Dodu, Iulian Laurentiu"]
[Black "Brcar, Matej"]
[Result "1/2-1/2"]
[WhiteElo "1843"]
[BlackElo "1704"]
[PlyCount "95"]
[EventDate "2012.11.08"]
[EventType "swiss"]
[EventRounds "11"]
[EventCountry "SLO"]
[SourceTitle "EXT 2013"]
[Source "ChessBase"]
[SourceDate "2012.11.22"]
[SourceVersion "1"]
[SourceVersionDate "2012.11.22"]
[SourceQuality "1"]

1. e4 e5 2. Nf3 Nc6 3. Bb5 a6 4. Bxc6 dxc6 5. 0-0 Bg4 6. h3 h5 7. d3 Qf6 8. Nbd2 Ne7 9. Nc4 Bxf3 10. Qxf3 Qxf3 11. gxf3 f6 12. f4 exf4 13. Bxf4 0-0-0 14. Rae1 g5 15. Bd2 Ng6 16. e5 b5 17. Na5 Nxe5 18. Rxe5 fxe5 19. Re1 Bd6 20. Nxc6 Rde8 21. Nb4 Bxb4 22. Bxb4 Kd7 23. Kg2 Ke6 24. d4 Kd5 25. dxe5 c5 26. Bd2 Rhg8 27. Bc3 b4 28. Rd1+ Ke4 29. Bd2 Rxe5 30. Be3 Rd5 31. Re1 Kf5 32. Ra1 Re8 33. a3 Rxe3 34. fxe3 Rd2+ 35. Kg3 a5 36. axb4 axb4 37. c3 Rxb2 38. Ra5 b3 39. Rxc5+ Ke4 40. Rxg5 Rb1 41. Kh4 Kxe3 42. Rb5 Kd3 43. Kxh5 Kc2 44. h4 b2 45. Kg5 Ra1 46. Rxb2+ Kxb2 47. h5 Rg1+ 48. Kf6 1/2-1/2

[Event "Wch U14"]
[Site "Maribor"]
[Date "2012.11.10"]
[Round "3.62"]
[White "Munkhbayar, Gijir"]
[Black "Brcar, Matej"]
[Result "1-0"]
[WhiteElo "1866"]
[BlackElo "1704"]
[PlyCount "61"]
[EventDate "2012.11.08"]
[EventType "swiss"]
[EventRounds "11"]
[EventCountry "SLO"]
[SourceTitle "EXT 2013"]
[Source "ChessBase"]
[SourceDate "2012.11.22"]
[SourceVersion "1"]
[SourceVersionDate "2012.11.22"]
[SourceQuality "1"]

1. e4 e5 2. Nf3 Nc6 3. Bb5 a6 4. Ba4 Nf6 5. 0-0 Be7 6. Re1 b5 7. Bb3 0-0 8. c3 d6 9. a4 b4 10. d4 bxc3 11. bxc3 Bg4 12. Be3 Na5 13. Bc2 Nc4 14. Nbd2 Nxe3 15. Rxe3 Re8 16. h3 Bxf3 17. Nxf3 Bf8 18. Qe2 g6 19. a5 exd4 20. cxd4 Bh6 21. Rb3 Nxe4 22. Bxe4 d5 23. Ne5 dxe4 24. Qc4 Re6 25. Re1 c5 26. Nxf7 Kxf7 27. Rxe4 Qd7 28. Rxe6 Qxe6 29. Rb7+ Kf6 30. Rb6 Qxb6 31. axb6 1-0

[Event "Wch U14"]
[Site "Maribor"]
[Date "2012.11.08"]
[Round "1.48"]
[White "Brcar, Matej"]
[Black "Perske, Thore"]
[Result "1/2-1/2"]
[WhiteElo "1704"]
[BlackElo "2082"]
[PlyCount "73"]
[EventDate "2012.11.08"]
[EventType "swiss"]
[EventRounds "11"]
[EventCountry "SLO"]
[SourceTitle "EXT 2013"]
[Source "ChessBase"]
[SourceDate "2012.11.22"]
[SourceVersion "1"]
[SourceVersionDate "2012.11.22"]
[SourceQuality "1"]

1. e4 e6 2. d4 d5 3. exd5 exd5 4. Bd3 c5 5. dxc5 Bxc5 6. Nc3 Nf6 7. Bg5 0-0 8. Bxf6 Qxf6 9. Qf3 Re8+ 10. Nge2 Qxf3 11. gxf3 Be6 12. 0-0 Nc6 13. Nf4 Rad8 14. Kg2 Bd4 15. Nce2 Bxb2 16. Rab1 Be5 17. Rxb7 Rb8 18. Rfb1 a5 19. Nxe6 fxe6 20. f4 Rxb7 21. Rxb7 Rb8 22. Rxb8+ Bxb8 23. c3 e5 24. fxe5 Bxe5 25. f4 Bf6 26. Bb5 Nd8 27. Kf3 Kf7 28. Ke3 Ke6 29. c4 Kd6 30. cxd5 Kxd5 31. Bd3 h6 32. Ng3 Ne6 33. Be4+ Kc4 34. Bh7 Nc5 35. Bg8+ Kb4 36. Ne4 Nxe4 37. Kxe4 1/2-1/2

[Event "Ljubljana Autumn op"]
[Site "Ljubljana"]
[Date "2012.10.30"]
[Round "9"]
[White "Brcar, Matej"]
[Black "Drobnic, Milan"]
[Result "1-0"]
[WhiteElo "1669"]
[BlackElo "1731"]
[PlyCount "27"]
[EventDate "2012.09.05"]
[EventType "swiss"]
[EventRounds "9"]
[EventCountry "SLO"]
[SourceTitle "EXT 2023"]
[Source "ChessBase"]
[SourceDate "2022.10.05"]
[SourceVersion "1"]
[SourceVersionDate "2022.10.05"]
[SourceQuality "1"]

1. e4 d6 2. d4 Nf6 3. Nc3 Nbd7 4. f4 e5 5. dxe5 dxe5 6. fxe5 Nxe5 7. Qxd8+ Kxd8 8. Bf4 Ng6 9. 0-0-0+ Bd7 10. Bg3 c6 11. Bc4 Ke8 12. Nf3 h6 13. e5 Ng4 14. Bxf7+ 1-0

[Event "SLO-ch U20"]
[Site "Kamnik"]
[Date "2012.06.23"]
[Round "1"]
[White "Brcar, Matej"]
[Black "Drnovsek, Gal"]
[Result "0-1"]
[WhiteElo "1616"]
[BlackElo "2133"]
[PlyCount "46"]
[EventDate "2012.06.23"]
[EventType "swiss"]
[EventRounds "7"]
[EventCountry "SLO"]
[SourceTitle "EXT 2019"]
[Source "ChessBase"]
[SourceDate "2018.10.10"]
[SourceVersion "1"]
[SourceVersionDate "2018.10.10"]
[SourceQuality "1"]

1. e4 c5 2. c3 d5 3. exd5 Qxd5 4. d4 Nf6 5. Nf3 Bg4 6. Be2 e6 7. 0-0 Be7 8. Be3 cxd4 9. Nxd4 Bxe2 10. Qxe2 0-0 11. Nd2 Nc6 12. N2b3 Nxd4 13. Nxd4 a6 14. Rfd1 Rfd8 15. c4 Qa5 16. Rd3 Bf8 17. Rb3 Rd7 18. Qf3 e5 19. Nc2 Qc7 20. Rc1 Qxc4 21. Rxb7 e4 22. Qxf6 Rxb7 23. Qd4 Qxa2 0-1

[Event "SLO-ch U14"]
[Site "Debeli Rtic"]
[Date "2012.02.23"]
[Round "8"]
[White "Murko, David"]
[Black "Brcar, Matej"]
[Result "0-1"]
[WhiteElo "1474"]
[BlackElo "1592"]
[PlyCount "92"]
[EventDate "2012.02.18"]
[EventType "swiss"]
[EventRounds "9"]
[EventCountry "SLO"]
[SourceTitle "EXT 2022"]
[Source "ChessBase"]
[SourceDate "2021.10.06"]
[SourceVersion "1"]
[SourceVersionDate "2021.10.06"]
[SourceQuality "1"]

1. e4 e5 2. Nf3 Nc6 3. Bc4 Bc5 4. c3 Nf6 5. d4 exd4 6. cxd4 Bb4+ 7. Nc3 Nxe4 8. 0-0 Bxc3 9. d5 Bf6 10. Re1 Ne7 11. Rxe4 d6 12. Bg5 Bxg5 13. Nxg5 h6 14. Qe2 hxg5 15. Re1 Be6 16. dxe6 f6 17. Bd3 c6 18. Rb4 Qc7 19. Rc1 a6 20. a4 c5 21. Rbc4 d5 22. g3 dxc4 23. Bxc4 Rd8 24. b4 Qd6 25. bxc5 Qd2 26. Qxd2 Rxd2 27. Rb1 Nc6 28. Rxb7 Na5 29. Rb8+ Rd8 30. Rxd8+ Kxd8 31. Bxa6 Ke7 32. Bb5 Rc8 33. Bd7 Rxc5 34. Kg2 Nc6 35. h3 Rc2 36. g4 Rc3 37. Kh2 Ne5 38. Bb5 Kxe6 39. Kg2 Kd5 40. Bf1 Nd3 41. a5 Nf4+ 42. Kh2 Ra3 43. a6 Ke4 44. Kh1 Kf3 45. Kg1 Ra1 46. a7 Rxa7 0-1